00801nam a2200205Ia 4500003000900000008004100009020001800050040001600068080001500084111006300099245019800162260003700360300001600397490007200413650002100485650001700506650001500523700002000538710003700558IN-BaIIA211028s9999 xx 000 0 eng d a1-4020-1658-1 cIIA Library a523.9bERD aNATO Advanced Research WorkshopcHungaryd2002 Sept. 16-20 0aTurbulence, waves and instabilities in the solar plasmabproceedings of the NATO Advanced Research Workshop held in Lillafured, Hungary, 16-20 September 2002cedited by R. Erdelyi  aDordrechtbKluwer Academicc2004 axiii, 388p. aNATO science series: II. mathematics, physics and chemistry; v. 124 aSolar atmosphere aSolar corona aTurbulence aErdelyi, R. ed. aNATO Advanced Research Workshop